00876nam a2200205 a 450000100100000000500170001000800410002704000250006808200200009310000330011324500910014626000700023730000210030765000280032865000310035670000470038791000390043495201800047399900170065300003123920240412074255.0110615s1941 dr 000 p spa d aDO-SdBNPbspacBNPHU aRD861.44bP438s1 aPérez Matos, Rafael92596110aSilencios del paisaje /cRafael Pérez Matos ; prólogo de Julio de Windt Lavandier. aSan Pedro de Macorís, República Dominicana :b[s. n.],c1941. a111 p. ;c19 cm. 0aPoesía dominicana966 0aLiteratura dominicana.9671 aWindt Lavandier, Julio de,epról.926376 aValidado. Control de calidad BNPHU 001050718RVaPDbPDcCTd2011-06-15iLF1l0oRD861.44 P438sp31239-10r2020-06-25w2020-06-25y1zPerteneció a la biblioteca personal de Julio Ortega Frier.ZNo se presta c30731d30731